000 00491nam a2200193Ia 4500
005 20250425161618.0
008 250425s9999 xx 000 0 und d
041 _aeng
082 _a624.17
100 _aANDERSEN, PAUL
245 0 _aSTATICALLY INDETERMINATE STRUCTURES: THEIR ANALYSIS AND DESIGN
250 _aS.E.
260 _aEstados Unidos
_bTHE RONALD PRESS
_c1953
260 _aNEW YORK
300 _a318
650 _aANALISIS ESTRUCTURAL
942 _c01
010 _a24258
999 _c212592
_d212592